[Event "52nd Biel Festival Blitz 2019"]
[Site "Biel"]
[Date "2019.07.27"]
[Round "14.1"]
[White "Shankland, Sam"]
[Black "Abdusattorov, Nodirbek"]
[Result "0-1"]
[WhiteElo "2713"]
[BlackElo "2598"]
[Annotator "TA"]
[PlyCount "148"]
[EventDate "2019.07.27"]
[EventType "tourn"]
[EventCountry "SUI"]
[SourceTitle "playchess.com"]
[Source "ChessBase"]
[SourceQuality "1"]

{[%evp 14,148,6,12,31,30,20,28,47,38,52,44,49,49,36,32,34,25,30,30,45,39,46,-31,102,35,29,32,104,78,160,148,227,224,307,293,465,462,750,750,750,750,750,750,750,750,750,750,750,750,708,504,504,494,468,468,401,237,237,244,233,119,514,489,537,427,536,525,510,483,589,609,715,672,730,527,558,-242,589,579,543,0,625,625,650,673,487,679,673,601,606,588,584,530,329,0,0,0,0,0,0,0,0,0,0,0,880,1547,1255,0,0,0,0,0,0,0,0,-149,-149,-628,-625,-1497,-1469,-1173,-358,-1133,-1125,-997,-136,-990,-983,-29962,-29966,-8512,-6254,-5065,-4050]} 1. d4 d6 2. e4 Nf6 3. Nc3 e5 4. Nge2 Nbd7 5. g3 Be7 6. Bg2 O-O 7. O-O c6 8. a4 a5 {B07: Pirc Defence: Miscellaneous Systems} (8... Re8 9. h3 Bf8 10. d5 cxd5 11. exd5 h5 12. Be3 b6 13. Qd2 Ba6 14. Nb5 Nc5 15. Nec3 Qd7 16. b3 Bb7 {0-1 (39) Ghaem Maghami,E (2596)-Movsesian,S (2658) Berlin 2015}) 9. h3 Re8 10. Be3 Bf8 {White has an edge.} 11. d5 cxd5 12. exd5 Nc5 13. Nb5 $146 ({Predecessor:} 13. Qd2 Bd7 14. g4 h6 15. Ng3 Rc8 16. b3 {½-½ (47) Chelushkina,I (2237)-Milosevic,M (2136) Belgrade 2016}) 13... b6 14. Nec3 Ba6 15. Qd2 Qd7 16. b3 Rac8 17. Kh2 g6 18. f4 (18. Rae1 $14) 18... e4 (18... exf4 $15 {keeps the upper hand.} 19. Bxf4 Bxb5 20. Nxb5 Nfe4 21. Bxe4 Nxe4) 19. f5 (19. Rae1 $16) 19... Bg7 $14 20. Rae1 $36 {[%mdl 2048] White fights for an advantage.} gxf5 ({Better is} 20... Bxb5 $14 21. Nxb5 Re5) 21. Bd4 $16 {And now Qg5 would win.} Bxb5 (21... h6 $142) 22. Nxb5 e3 (22... Re5 $16 {was worth a try.}) 23. Rxe3 $18 ({Don't play} 23. Bxe3 $6 Nfe4 $16) 23... Nfe4 24. Qd1 Be5 (24... Rcd8 $142 25. Bxg7 Kxg7) 25. Qh5 f4 (25... f6 $142 26. Rxf5 Bxd4 27. Nxd4 Qf7 28. Qg4+ Ng5 29. Rxe8+ Rxe8) 26. Rxe4 fxg3+ 27. Kh1 {Threatens to win with Rg4+.} Nxe4 28. Bxe4 f6 29. Bf5 Qg7 30. Rg1 Rcd8 31. Be6+ Kh8 32. Qf3 Rf8 {[#]} 33. Bf2 $1 {[%mdl 512]} Qh6 (33... gxf2 34. Rxg7) 34. Bxg3 Rg8 35. Bxe5 (35. Bf2 $142) 35... Rxg1+ 36. Kxg1 fxe5 37. Qg3 (37. Qf1 $18) 37... Rf8 $2 {[%mdl 8192]} (37... Qc1+ $16 {is a better chance.} 38. Kh2 Qxc2+ 39. Qg2 Qc5) 38. Nxd6 Qc1+ 39. Kh2 Qd2+ 40. Qg2 Qf4+ 41. Kh1 e4 42. Nxe4 Qc1+ 43. Kh2 $1 Qf4+ 44. Ng3 h5 {Threatening ...h4.} 45. Kg1 $4 {[%mdl 8192]} (45. Kh1 $18) 45... Qe3+ $4 {[%mdl 8192]} (45... Qd4+ $1 $19 {avoids the disaster.} 46. Kh1 Rf2) 46. Kh1 $1 Qc1+ 47. Kh2 Qf4 {White should prevent ...h4.} 48. Qe2 h4 49. Qh5+ Kg7 50. Qg4+ Qxg4 51. hxg4 Rf2+ 52. Kh3 hxg3 53. Kxg3 Rxc2 {[%mdl 4096] Endgame KR-KB} 54. d6 $2 (54. Kf4 $18 Kf6 55. g5+ Ke7 56. Bf5) 54... Kf6 $11 55. d7 Rd2 56. Bf5 Ke5 57. Kf3 Rd4 58. Ke2 Rd6 59. Ke3 Rd4 $2 {[%mdl 8192]} (59... Rd5 $11) 60. g5 $18 Rd6 61. g6 $2 (61. Bg4 $18 Rd5 62. Kf2) 61... Kf6 $11 62. Ke4 {g7! is the strong threat.} Rd1 63. Bg4 Rd2 64. Bf5 Rd1 65. Bh3 (65. Kf3 $11) 65... Kxg6 $17 66. Ke5 $2 {[%mdl 8192] [#]} (66. Be6 $17 Kf6 67. Bf5) 66... Kf7 $1 $19 {[%cal Rf7e7]} 67. Be6+ Ke7 68. Bf5 Rd2 69. Ke4 $2 (69. Be6) 69... Rb2 70. Be6 {[#]} Rb1 $2 (70... Re2+ $1 $19 {is more deadly.} 71. Kd5 Rc2) 71. Ke5 $2 {[%mdl 8192]} (71. Kd3 $17) 71... Re1+ 72. Kf5 Re3 73. Bc4 Kxd7 74. Kf4 Re7 {Accuracy: White = 49%, Black = 49%.} 0-1

[Event "52nd Biel Festival Blitz 2019"]
[Site "Biel"]
[Date "2019.07.27"]
[Round "14.4"]
[White "Bogner, Sebastian"]
[Black "Leko, Peter"]
[Result "0-1"]
[WhiteElo "2584"]
[BlackElo "2674"]
[Annotator "TA"]
[PlyCount "112"]
[EventDate "2019.07.27"]
[EventType "tourn"]
[EventCountry "SUI"]
[SourceTitle "playchess.com"]
[Source "ChessBase"]
[SourceQuality "1"]

{[%evp 21,112,0,0,0,0,1,4,0,16,0,0,0,0,0,12,0,20,33,59,65,58,59,53,24,1,-298,-287,-397,-400,-400,-400,-393,-393,-393,-393,-385,-385,-487,-440,-492,-418,-546,-539,-536,-494,-512,-342,-756,-342,-840,-606,-586,-477,-464,-464,-1985,-459,-452,-437,-813,-416,-437,-420,-512,-368,-510,-400,-372,-387,-496,-416,-422,-392,-512,-361,-360,-319,-383,-306,-386,0,-391,-314,-879,-872,-6535,-6585,-5477,-1145,-6627,-6620,-5831,-5718]} 1. Nf3 Nf6 2. c4 e6 3. b3 b6 4. Bb2 Bb7 5. e3 Be7 6. d4 O-O 7. Bd3 c5 8. O-O cxd4 9. exd4 d5 10. Nbd2 {[%cal Bb1d2,Bd2f1,Bf1e3][%mdl 32]} Nc6 11. Rc1 Rc8 12. a3 {E14: Queen's Indian: Classical Variation (4 e3)} (12. Qe2 Re8 13. Rfe1 Bf8 14. h3 g6 15. Qe3 Bg7 16. a3 Nd7 17. cxd5 exd5 18. Qxe8+ Qxe8 19. Rxe8+ Rxe8 20. b4 Nf8 21. Ne5 Rc8 22. Nxc6 {½-½ (22) Sargissian,G (2672)-Anand,V (2782) Riadh 2017}) 12... a5 13. Re1 Re8 14. Nf1 $146 {The position is equal.} ({Predecessor:} 14. Bb1 g6 15. Nf1 Bf8 16. Qd2 Bg7 17. c5 Ne4 18. Qc2 Qe7 19. Ne3 Red8 {½-½ (69) Djurhuus,R (2480)-Wedberg,T (2540) Sweden 2003}) 14... Bf8 15. Ne3 g6 16. Qe2 Bg7 17. Red1 Rc7 18. Rc2 Ne7 19. c5 bxc5 20. dxc5 Nc6 21. Bb5 Qe7 22. Ne5 (22. Bxc6 $5 Bxc6 23. Be5 $16) 22... Rb8 23. Bc3 $2 {[%mdl 8192] [#]} (23. f3 $11) 23... Ne4 $1 $19 {[%cal Re4c3]} 24. Bxc6 Nxc3 ({Less strong is} 24... Bxc6 25. Nxc6 Rxc6 26. Bxg7 $15) 25. Rxc3 Bxe5 26. Bxb7 Bxc3 27. c6 Qxa3 28. Qb5 Qb4 29. Qd3 Bg7 30. g3 h5 31. h4 Rcxb7 32. cxb7 Rxb7 33. Qa6 Bh6 {White must now prevent ...Bxe3.} 34. Rd3 $2 (34. Nf1) 34... Qb5 (34... Rc7 $142 35. Kg2 Qe4+ 36. Kh2 d4) 35. Qa8+ $2 (35. Qxb5 Rxb5 36. f4) 35... Rb8 36. Qa7 Qxd3 37. Qxb8+ Bf8 38. Ng2 (38. Qc7 $142 Qxb3 39. Qxa5) 38... Qd4 (38... Qb1+ $142 39. Kh2 {[#]} a4 $1 {[%mdl 512]} 40. Qxf8+ Kxf8 41. bxa4 Qa2) 39. Nf4 Qb4 40. Qc8 (40. Qc7 $142) 40... Kg7 41. Qd7 {intending Nxe6+.} Be7 42. Kg2 Qd6 43. Qa7 Bd8 44. Qd4+ Bf6 45. Qa7 Bc3 46. Qb7 Bb4 47. Qa7 Qe7 48. Qb6 Qd7 49. Nd3 Qd6 50. Qb7 Bc3 $2 ({Black should play} 50... e5 $19 {...Bd2 is the strong threat.} 51. Qc8 e4 52. Nxb4 axb4) 51. Qb5 $2 {[%mdl 8192]} (51. Nf4 $1 $11 {and White stays safe.} Qe5 52. Qa7) 51... Qc7 52. Nc5 $2 (52. Nf4) 52... Bd4 {Black is clearly winning.} 53. Nd3 Qc2 54. Kf1 Qd1+ (54... e5 $142 55. Kg2 e4 56. Qxd5 Qxd3) 55. Kg2 Qe2 56. Qa6 {[#]} e5 {Played: Bd4xf2} 0-1